000 00798cam a2200205 4500
001 WS109698
008 000000n 000 0 eng u
035 _a(Sirsi) u109698
110 _aAssociation of Residential Letting Agents
_93020
245 _aAssociation of Residential Letting Agents
520 _aWeb site for this professional self-regulating body. Includes a complete list of their member agents and advice for tenants and agents.
650 _aBUY-TO-LET
650 _aPROPERTY-RESIDENTIAL PROPERTY-RESIDENTIAL LANDLORD AND TENANT-RESIDENTIAL TENANCIES
650 _aRENTED HOUSING
650 _aRESIDENTIAL LETTING AGENTS
650 _aORGANISATION
690 _aHOUSING
856 4 0 _uhttps://www.arla.co.uk
_zView the website free of charge at www.arla.co.uk...
942 _n0
999 _c119728
_d119728